[Event "TCh-RUS Rapid 2017"]
[Site "Sochi RUS"]
[Date "2017.10.04"]
[Round "8.2"]
[Board "4"]
[White "Potkin, Vladimir"]
[Black "Palchun, Grigory"]
[Result "0-1"]
[WhiteTitle "GM"]
[WhiteElo "2574"]
[BlackElo "2441"]
[WhiteTeam "Legends of Moscow (Moscow)"]
[BlackTeam "SDYUSSHOR ShSh (St. Petersburg)"]
[WhiteFideId "4131061"]
[BlackFideId "24147338"]
[EventDate "2017.10.03"]

1. c4 e5 2. Nc3 Nc6 3. Nf3 f5 4. g3 d6 5. Bg2 g6 6. d3 Bg7 7. O-O Nf6 8. Rb1 O-O
9. b4 a6 10. a4 h6 11. b5 axb5 12. axb5 Ne7 13. Bb2 Be6 14. Qc2 b6 15. Nd2 Rc8
16. Ra1 g5 17. Ra7 Qe8 18. Ba3 Bd7 19. e3 f4 20. exf4 gxf4 21. gxf4 Qg6 22. Kh1
Ng4 23. h3 Rxf4 24. Nde4 Nf6 25. Bxd6 Nxe4 26. Nxe4 Bxh3 27. Bxh3 Rh4 28. Ng3
Qg4 29. Kg1 Qxh3 30. Re1 Nf5 0-1

[Event "TCh-RUS Rapid 2017"]
[Site "Sochi RUS"]
[Date "2017.10.04"]
[Round "8.3"]
[Board "2"]
[White "Rozum, Ivan"]
[Black "Andreikin, Dmitry"]
[Result "1/2-1/2"]
[WhiteTitle "GM"]
[BlackTitle "GM"]
[WhiteElo "2586"]
[BlackElo "2705"]
[WhiteTeam "The team of the Vologda region"]
[BlackTeam "Sima-Land Urals"]
[WhiteFideId "24104272"]
[BlackFideId "4158814"]
[EventDate "2017.10.03"]

1. d4 d5 2. c4 c6 3. Nf3 Nf6 4. e3 Bf5 5. Nc3 a6 6. Be2 h6 7. Bd3 Bxd3 8. Qxd3
e6 9. O-O Bb4 10. Bd2 O-O 11. Rfd1 a5 12. a3 Bxc3 13. bxc3 Nbd7 14. cxd5 cxd5
15. c4 dxc4 16. Qxc4 Qb8 17. Qb5 b6 18. Ne5 Nxe5 19. dxe5 Ne4 20. Be1 Rc8 21.
Rac1 Rxc1 22. Rxc1 Qd8 23. Rb1 Rc8 24. Qxb6 Qd3 25. Bxa5 Kh7 26. Be1 Qxa3 27.
Qb7 Qd3 28. Ra1 Qc2 29. Qxf7 Ng5 30. Qb7 Rf8 31. Qb1 Rc8 32. f3 Nf7 33. Bg3 g5
34. Qxc2+ Rxc2 35. Ra6 Rc1+ 36. Kf2 Nd8 37. Rd6 Rc8 38. h4 Kg6 39. e4 Kf7 40.
Rd7+ Kg6 41. Kg1 Nf7 42. Re7 Rc6 43. Kh2 gxh4 44. Bf4 Ng5 45. Rd7 Rc2 46. Bxg5
hxg5 47. Re7 Rc6 48. Kh3 Kh5 49. Re8 Ra6 50. Rh8+ Kg6 51. Kg4 Ra2 52. Rg8+ Kh6
53. Kh3 Ra5 54. Re8 Rxe5 55. Kg4 Kg6 56. Rg8+ Kh6 57. Rh8+ Kg6 58. Rh5 Rf5 59.
Rh8 Rf4+ 60. Kh3 Kg7 61. Re8 Kf7 62. Rc8 Kg7 63. Rc5 Kg6 64. Rc8 Kg7 65. Rb8 Kf7
66. Rb5 Kg6 67. Rb3 Kg7 68. g3 hxg3 69. Kxg3 e5 70. Rb5 g4 71. fxg4 Rxe4 1/2-1/2

[Event "TCh-RUS Rapid 2017"]
[Site "Sochi RUS"]
[Date "2017.10.04"]
[Round "8.3"]
[Board "3"]
[White "Riazantsev, Alexander"]
[Black "Moiseenko, Vadim"]
[Result "1-0"]
[WhiteTitle "GM"]
[BlackTitle "IM"]
[WhiteElo "2666"]
[BlackElo "2543"]
[WhiteTeam "Sima-Land Urals"]
[BlackTeam "The team of the Vologda region"]
[WhiteFideId "4125029"]
[BlackFideId "4123700"]
[EventDate "2017.10.03"]

1. d4 Nf6 2. c4 e6 3. Nc3 Bb4 4. e3 b6 5. Nf3 Bb7 6. Bd3 O-O 7. O-O d5 8. cxd5
exd5 9. a3 Bd6 10. b4 a6 11. Qb3 Nbd7 12. a4 c6 13. a5 b5 14. e4 dxe4 15. Nxe4
Nxe4 16. Bxe4 h6 17. Bd2 Nf6 18. Bc2 c5 19. bxc5 Bxc5 20. dxc5 Bxf3 21. Bxh6 Qd5
22. Qxd5 Bxd5 23. Be3 Bc4 24. Rfd1 Nd5 25. Be4 Nxe3 26. fxe3 Rae8 27. Bb7 b4 28.
Rd4 Bb5 29. Rxb4 Rxe3 30. c6 Rc3 31. Rxb5 axb5 32. a6 b4 33. Rb1 Rc2 34. a7 Ra2
35. c7 1-0

[Event "TCh-RUS Rapid 2017"]
[Site "Sochi RUS"]
[Date "2017.10.04"]
[Round "8.3"]
[Board "4"]
[White "Gogolev, Artem"]
[Black "Rublevsky, Sergei"]
[Result "0-1"]
[BlackTitle "GM"]
[WhiteElo "2427"]
[BlackElo "2683"]
[WhiteTeam "The team of the Vologda region"]
[BlackTeam "Sima-Land Urals"]
[WhiteFideId "4116615"]
[BlackFideId "4115309"]
[EventDate "2017.10.03"]

1. Nf3 d5 2. c4 c6 3. d4 Nf6 4. g3 Bg4 5. Bg2 e6 6. O-O Be7 7. Qb3 Qb6 8. Nc3
Nbd7 9. Bf4 O-O 10. c5 Qxb3 11. axb3 Rfe8 12. b4 a6 13. Nd2 Nh5 14. Be3 e5 15.
h3 exd4 16. Bxd4 Be6 17. e3 a5 18. bxa5 Nxc5 19. g4 Nf6 20. b4 Nd3 21. b5 Nb4
22. Rfc1 c5 23. Bxf6 Bxf6 24. Ra3 Nd3 25. Rb1 Nb4 26. f4 Nc2 27. Ra2 Nxe3 28.
Ne2 Nxg2 29. Kxg2 d4 30. Ra4 Bd5+ 31. Kf2 d3 32. Ng1 Bd4+ 33. Rxd4 cxd4 34. Rb4
Rxa5 35. Rxd4 Rxb5 0-1

[Event "TCh-RUS Rapid 2017"]
[Site "Sochi RUS"]
[Date "2017.10.04"]
[Round "8.4"]
[Board "2"]
[White "Morozevich, Alexander"]
[Black "Sjugirov, Sanan"]
[Result "1-0"]
[WhiteTitle "GM"]
[BlackTitle "GM"]
[WhiteElo "2665"]
[BlackElo "2650"]
[WhiteTeam "Fighters for the Idea (Moscow)"]
[BlackTeam "Friends of Ivan Bukavshin (Samara)"]
[WhiteFideId "4116992"]
[BlackFideId "4189302"]
[EventDate "2017.10.03"]

1. e4 c5 2. Nf3 d6 3. d4 cxd4 4. Nxd4 Nf6 5. Nc3 a6 6. Be3 e5 7. Nb3 Be7 8. Qd2
Ng4 9. g3 Nd7 10. O-O-O Nxe3 11. Qxe3 Nf6 12. f4 Qc7 13. Kb1 b5 14. h4 b4 15.
Nd5 Nxd5 16. exd5 O-O 17. Bh3 Bxh3 18. Rxh3 exf4 19. Qxf4 Bf6 20. Nd4 Qc5 21.
Nc6 a5 22. g4 Rae8 23. Qf3 a4 24. g5 Bd8 25. a3 bxa3 26. Qxa3 Bb6 27. Qxa4 Qf2
28. h5 Qf5 29. Qb3 Bc5 30. Qc3 Qg4 31. Rf1 Qg2 32. Rd1 Qg4 33. Rdh1 Qxg5 34. h6
Re3 35. Rxe3 Bxe3 36. Qxg7+ Qxg7 37. Ne7+ 1-0

[Event "TCh-RUS Rapid 2017"]
[Site "Sochi RUS"]
[Date "2017.10.04"]
[Round "8.4"]
[Board "3"]
[White "Kovalev, Vladislav"]
[Black "Savchenko, Boris"]
[Result "1/2-1/2"]
[WhiteTitle "GM"]
[BlackTitle "GM"]
[WhiteElo "2636"]
[BlackElo "2585"]
[WhiteTeam "Friends of Ivan Bukavshin (Samara)"]
[BlackTeam "Fighters for the Idea (Moscow)"]
[WhiteFideId "13504398"]
[BlackFideId "4147332"]
[EventDate "2017.10.03"]

1. e4 e6 2. d3 d5 3. Nd2 c5 4. g3 Nc6 5. Bg2 Nf6 6. Ngf3 g6 7. O-O Bg7 8. exd5
Nxd5 9. Nc4 b5 10. Ne3 O-O 11. c4 bxc4 12. dxc4 Ndb4 13. Qe2 Rb8 14. Rd1 Nd4 15.
Nxd4 cxd4 16. a3 Na6 17. b4 Qc7 18. Nc2 e5 19. f4 Bf5 20. fxe5 d3 21. Rxd3 Bxd3
22. Qxd3 Bxe5 23. Ra2 Rfd8 24. Bd5 Qe7 25. Ne3 Nc7 26. Rf2 Bg7 27. Rxf7 Rxd5 28.
Rxg7+ Qxg7 29. Nxd5 Qa1 30. Qc3 Qxc3 31. Nxc3 Rd8 32. Kf1 Rd3 33. Ne2 Ne6 34.
Ke1 Kf7 35. Bb2 Rb3 36. Bc1 g5 37. c5 h6 38. Kd2 Rf3 39. Bb2 Rf2 40. Ke3 Rxh2
41. c6 h5 42. Be5 Rh1 43. c7 Nxc7 44. Bxc7 Ra1 45. Kf2 Rxa3 46. Bd6 Ke6 47. Bc5
Kf5 48. b5 Ra5 49. Kf3 Ke5 50. Nc3 Ra1 51. Be3 Ra3 52. Ne2 h4 53. gxh4 gxh4 54.
Kf2 h3 55. Bf4+ Ke4 56. Bb8 Ra2 57. Kg1 Rxe2 58. Bxa7 Rb2 59. Bb8 Rxb5 60. Bc7
Rb2 61. Kh1 Kf3 62. Bd6 1/2-1/2

[Event "TCh-RUS Rapid 2017"]
[Site "Sochi RUS"]
[Date "2017.10.04"]
[Round "8.4"]
[Board "4"]
[White "Bocharov, Dmitry"]
[Black "Yuffa, Daniil"]
[Result "1-0"]
[WhiteTitle "GM"]
[BlackTitle "GM"]
[WhiteElo "2585"]
[BlackElo "2527"]
[WhiteTeam "Fighters for the Idea (Moscow)"]
[BlackTeam "Friends of Ivan Bukavshin (Samara)"]
[WhiteFideId "4138716"]
[BlackFideId "24131423"]
[EventDate "2017.10.03"]

1. d4 Nf6 2. c4 g6 3. Nc3 Bg7 4. e4 d6 5. f3 O-O 6. Be3 c5 7. Nge2 Nc6 8. d5 Ne5
9. Ng3 a6 10. Be2 b5 11. cxb5 Qa5 12. O-O Bd7 13. bxa6 Qb4 14. Qd2 h5 15. Rf2 h4
16. Nf1 h3 17. g4 Rfb8 18. Rb1 Bxg4 19. a3 Qa5 20. fxg4 Nfxg4 21. Rc1 Nxf2 22.
Kxf2 Rxa6 23. Bxa6 Qxa6 24. Rc2 f5 25. Qe2 c4 26. exf5 gxf5 27. Kg1 Rf8 28. Bd4
f4 29. Bxe5 f3 30. Qe4 Bxe5 31. Qg4+ Bg7 32. Qe6+ Rf7 33. Ng3 Qb6+ 34. Kf1 Qd4
35. Qe4 Qc5 36. Nf5 Qc8 37. Nxe7+ Rxe7 38. Qxe7 1-0

[Event "TCh-RUS Rapid 2017"]
[Site "Sochi RUS"]
[Date "2017.10.04"]
[Round "8.5"]
[Board "1"]
[White "Pogromsky, Mikhail"]
[Black "Triapishko, Alexandr"]
[Result "0-1"]
[WhiteTitle "IM"]
[BlackTitle "IM"]
[WhiteElo "2416"]
[BlackElo "2508"]
[WhiteTeam "PShK Politechnik (Sverdlovskaya)"]
[BlackTeam "Crimea (Republic of Crimea)"]
[WhiteFideId "4184688"]
[BlackFideId "14122286"]
[EventDate "2017.10.03"]

1. d4 Nf6 2. Nc3 d5 3. Bg5 c6 4. Qd2 Nbd7 5. f3 h6 6. Bh4 e5 7. dxe5 Nxe5 8. e4
Nxe4 9. fxe4 Qxh4+ 10. g3 Qe7 11. O-O-O Bg4 12. Re1 d4 13. Qxd4 Qc5 14. Qxc5
Bxc5 15. Be2 Be3+ 16. Kb1 Bd2 17. Rd1 Rd8 18. h3 Be6 19. Nf3 Bxc3 20. Rxd8+ Kxd8
21. bxc3 Nd7 22. Nd4 Nc5 23. Bd3 Na4 24. Ne2 Ke7 25. Kc1 Rd8 26. Kd2 c5 27. Rb1
Nb6 28. c4 Nxc4+ 29. Kc3 Na5 30. Nf4 b6 31. h4 Bxa2 32. Rf1 Be6 33. h5 Nc6 34.
Ra1 a5 35. Bc4 Ne5 36. Bd5 Rd6 37. Kb3 Bd7 38. c4 g5 39. hxg6 fxg6 40. Rh1 g5
41. Nh5 Bg4 42. Ng7 Rf6 43. Ka4 Bd7+ 44. Kb3 a4+ 45. Ka2 Rf2+ 46. Ka3 Rf3+ 47.
Ka2 Nd3 48. Rxh6 Nb4+ 49. Ka1 Rf1+ 50. Kb2 Rf2+ 51. Ka1 a3 52. Rh1 Ra2+ 53. Kb1
Rb2+ 0-1

[Event "TCh-RUS Rapid 2017"]
[Site "Sochi RUS"]
[Date "2017.10.04"]
[Round "8.5"]
[Board "2"]
[White "Linker, Mikhail"]
[Black "Vokarev, Sergey"]
[Result "0-1"]
[BlackTitle "GM"]
[WhiteElo "2269"]
[BlackElo "2443"]
[WhiteTeam "Crimea (Republic of Crimea)"]
[BlackTeam "PShK Politechnik (Sverdlovskaya)"]
[WhiteFideId "14101734"]
[BlackFideId "4119711"]
[EventDate "2017.10.03"]

1. d4 d5 2. c4 e6 3. Nf3 Nf6 4. e3 Be7 5. b3 O-O 6. Bd3 b6 7. O-O dxc4 8. Bxc4
Bb7 9. Bb2 c5 10. dxc5 Bxc5 11. Nc3 Nc6 12. Qe2 Qe7 13. Rfd1 Rad8 14. h3 Rxd1+
15. Rxd1 Rd8 16. Rxd8+ Qxd8 17. Qd2 Qxd2 18. Nxd2 Kf8 19. Kf1 Ke8 20. g4 h6 21.
Nce4 Nxe4 22. Nxe4 Bf8 23. f3 Kd7 24. h4 Nb4 25. Bb5+ Kd8 26. a4 Nd5 27. Ke2 f6
28. h5 e5 29. Ng3 Nc7 30. Bc4 Kd7 31. Nf5 Ne6 32. Bb5+ Kd8 33. Bc3 Bd5 34. b4
Nc7 35. Bd3 Bb3 36. a5 Nd5 37. Kd2 Nxb4 38. axb6 axb6 39. Bxb4 Bxb4+ 40. Kc1 Bf8
41. Kb2 Bd5 42. e4 Bc6 43. Kb3 Kc7 44. Bc4 b5 45. Be2 Kb6 46. Bd1 Kc5 47. Be2
Bd7 48. Bd1 Be6+ 49. Kc3 b4+ 50. Kb2 Bc4 51. Ne3 Bb5 52. Nf5 Bd7 53. Bb3 Bb5 54.
Bd1 Bd3 55. Kb3 Bf1 56. Ne3 Bb5 57. Nf5 Kb6 58. Kb2 Ka5 59. Ka2 Bc4+ 60. Kb2 Kb5
61. Ne3 Bd3 62. Nf5 Kc5 63. Kb3 Kc6 64. Kb2 Bc4 65. Ne3 Bf7 66. Bb3 Be8 67. Ba4+
Kc5 68. Bxe8 Kd4 69. Nf5+ Kd3 70. Bb5+ Kd2 71. Kb3 Ke1 72. Bd7 Kf2 73. Nh4 Kg3
74. Ng6 Bd6 75. Kc4 Kxf3 76. Bf5 Kg3 77. Nh8 Kf4 78. Nf7 Be7 79. Kd3 Kf3 80. Nh8
Kg3 81. Ng6 Bd6 82. Be6 Kf3 83. Nh4+ Kf2 84. Nf5 Bf8 85. Ne3 Kf3 86. Nd1 Kf4 87.
Nb2 Bc5 88. Kc4 Bd4 89. Kxb4 Bxb2 90. Bf5 0-1

[Event "TCh-RUS Rapid 2017"]
[Site "Sochi RUS"]
[Date "2017.10.04"]
[Round "8.5"]
[Board "3"]
[White "Kozlov, Oleg"]
[Black "Jary, Sergey"]
[Result "0-1"]
[WhiteTitle "IM"]
[WhiteElo "2303"]
[BlackElo "2297"]
[WhiteTeam "PShK Politechnik (Sverdlovskaya)"]
[BlackTeam "Crimea (Republic of Crimea)"]
[WhiteFideId "4104544"]
[BlackFideId "14110350"]
[EventDate "2017.10.03"]

1. c4 c6 2. d4 d5 3. Nf3 Nf6 4. Nc3 a6 5. a4 g6 6. a5 Bg7 7. Bg5 Ne4 8. Bf4 O-O
9. e3 Nxc3 10. bxc3 c5 11. Be5 dxc4 12. Bxg7 Kxg7 13. Bxc4 Qc7 14. Qa4 Bd7 15.
Qa2 cxd4 16. cxd4 Bb5 17. Nd2 Rc8 18. Bxb5 axb5 19. O-O b6 20. Qd5 Rxa5 21. Rxa5
bxa5 22. Qxb5 Nd7 23. h3 Rb8 24. Qa4 Nf6 25. Qa3 Ra8 26. Rc1 Qb7 27. Nc4 Qb4 28.
Qxb4 axb4 29. Rb1 Rb8 30. Na5 Rb6 31. f3 Nd5 32. e4 Nc3 33. Rb2 Rb5 34. Nb3 f5
35. exf5 gxf5 36. Kh2 Kf6 37. Nc5 Nd5 38. g4 Ra5 39. Nd7+ Kg5 40. Ne5 Ra3 41.
Kg3 f4+ 42. Kh2 b3 43. Nd3 Ra2 44. Kg1 Rxb2 45. Nxb2 Kh4 46. Kg2 Kg5 47. Kf2 Kh4
48. Kg2 Nb4 49. Kf2 Nc2 50. d5 Nb4 51. Ke2 Kxh3 52. Kd2 Kg3 53. Kc3 Nxd5+ 54.
Kd4 Ne3 55. Ke4 Nxg4 56. fxg4 f3 57. Nd1 f2 58. Ne3 b2 59. Nf1+ Kg2 60. Nd2 f1=Q 0-1

[Event "TCh-RUS Rapid 2017"]
[Site "Sochi RUS"]
[Date "2017.10.04"]
[Round "8.5"]
[Board "4"]
[White "Chos, Alexey"]
[Black "Ozgibcev, Anatoly"]
[Result "1/2-1/2"]
[WhiteTitle "IM"]
[WhiteElo "2317"]
[BlackElo "2376"]
[WhiteTeam "Crimea (Republic of Crimea)"]
[BlackTeam "PShK Politechnik (Sverdlovskaya)"]
[WhiteFideId "14117762"]
[BlackFideId "4139704"]
[EventDate "2017.10.03"]

1. e4 e5 2. Nf3 Nc6 3. Bb5 Nge7 4. O-O g6 5. c3 Bg7 6. d4 exd4 7. cxd4 d5 8.
exd5 Nxd5 9. Re1+ Be6 10. Ng5 Qd6 11. Nc3 O-O 12. Nxe6 fxe6 13. Be3 Qb4 14. Nxd5
exd5 15. Bxc6 bxc6 16. Qd3 c5 17. dxc5 d4 18. Bd2 Qxc5 19. Rac1 Qb6 20. b3 Kh8
21. h3 c5 22. Re2 a5 23. Rce1 a4 24. Re6 Qb7 25. Re7 Qd5 26. R1e2 axb3 27. axb3
Rab8 28. Qg3 Rbc8 29. R2e6 Qf5 30. Re4 Bf6 31. R7e6 Bg7 32. Re7 Bf6 33. Rf4 Bxe7
34. Rxf5 Rxf5 35. Qg4 Rcf8 36. f3 Re5 37. Kf1 Bf6 38. Qd7 Rfe8 39. Qc6 Bg7 40.
h4 Re2 41. h5 gxh5 42. Qd7 R2e7 43. Qd5 Re5 44. Qf7 h4 45. f4 Re2 46. f5 R2e7
47. Qd5 Re5 48. Qd7 Rf8 49. Kg1 Rexf5 50. Kh2 Rf1 51. Bg5 d3 52. Qxd3 R1f5 53.
Bxh4 Rf4 54. Bg3 Rd4 55. Qe2 Rd5 56. Qg4 Rff5 57. Kg1 Bd4+ 58. Kh2 Rh5+ 59. Bh4
Rhf5 60. Qe4 Be5+ 61. g3 Bd4 62. Qe8+ Kg7 63. Kh3 h5 64. Qe7+ Kg6 65. Qe8+ Kg7
66. Qe7+ Kg6 67. Qe8+ Kg7 68. Qe7+ Kg6 69. Qe8+ Kg7 70. Qe7+ Kg6 71. Qe6+ Kg7
72. Qe7+ Kg6 73. Qe6+ Kg7 74. Qe7+ 1/2-1/2

[Event "TCh-RUS Rapid 2017"]
[Site "Sochi RUS"]
[Date "2017.10.04"]
[Round "8.6"]
[Board "1"]
[White "Sarana, Alexey"]
[Black "Kezin, Roman"]
[Result "1-0"]
[WhiteTitle "GM"]
[BlackTitle "FM"]
[WhiteElo "2543"]
[BlackElo "2455"]
[WhiteTeam "Locomotive (Moscow)"]
[BlackTeam "Novosibirsk State Technical University"]
[WhiteFideId "24133795"]
[BlackFideId "24124621"]
[EventDate "2017.10.03"]

1. d4 d5 2. Nf3 Nf6 3. Bf4 c5 4. e3 Nc6 5. Nbd2 Bg4 6. c3 e6 7. h3 Bh5 8. Qa4
Nd7 9. Ne5 Ndxe5 10. Bxe5 a6 11. dxc5 f6 12. Bg3 Bxc5 13. Bd3 O-O 14. O-O f5 15.
b4 Ba7 16. Qb3 e5 17. c4 dxc4 18. Nxc4 Bf7 19. Qb1 e4 20. Be2 Qf6 21. Nd6 Bb8
22. Rd1 Be6 23. b5 axb5 24. Qxb5 Rxa2 25. Rxa2 Bxa2 26. Qxb7 Ne5 27. Nc8 Be6 28.
Qxb8 Nc6 29. Qb6 Rxc8 30. Rd6 Nd8 31. Ba6 Ra8 32. Bc4 Qa1+ 33. Kh2 Bxc4 34.
Rxd8+ 1-0

[Event "TCh-RUS Rapid 2017"]
[Site "Sochi RUS"]
[Date "2017.10.04"]
[Round "8.6"]
[Board "2"]
[White "Antonenko, Vladimir"]
[Black "Krylov, Mikhail RUS"]
[Result "0-1"]
[WhiteTitle "FM"]
[BlackTitle "GM"]
[WhiteElo "2330"]
[BlackElo "2476"]
[WhiteTeam "Novosibirsk State Technical University"]
[BlackTeam "Locomotive (Moscow)"]
[WhiteFideId "24159409"]
[BlackFideId "4151364"]
[EventDate "2017.10.03"]

1. d4 Nf6 2. c4 g6 3. Nc3 Bg7 4. e4 d6 5. Nf3 O-O 6. Be2 e5 7. O-O Nh5 8. g3 Bg4
9. d5 a5 10. Bg5 Nf6 11. Ne1 Bh3 12. Ng2 Na6 13. Bxf6 Bxf6 14. Bg4 Bxg4 15. Qxg4
Nc5 16. Qe2 Bg7 17. Ne1 f5 18. Nd3 Nxe4 19. Nxe4 fxe4 20. Qxe4 b6 21. Kg2 Qd7
22. b3 Rf5 23. f3 Raf8 24. Rae1 Bh6 25. Rf2 Bg5 26. h4 Bh6 27. Rh1 Kh8 28. g4
R5f7 29. g5 Bg7 30. h5 Rf5 31. hxg6 Rxg5+ 32. Kf1 h6 33. Rh4 Rf6 34. Rg2 Rfxg6
35. Rxg5 Rxg5 36. Rg4 Rf5 37. Ke2 Bf6 38. Nf2 Bg5 39. Nh3 Kg7 40. Nf2 Kf8 41.
Rg2 Qf7 42. Qg4 Ke8 43. Ne4 Kd8 44. Rh2 Bf4 45. Rg2 Kc8 46. Qg7 Kb7 47. Qxf7
Rxf7 48. Rg6 h5 49. Rxd6 h4 50. Rg6 h3 51. Nf2 h2 52. Rg4 Rh7 53. Nh1 b5 54.
cxb5 Kb6 55. a4 Kc5 56. Rg6 Kxd5 57. Rc6 Rg7 58. Kf2 Rg1 59. Rxc7 Rxh1 60. Rh7
Rb1 61. b6 h1=Q 0-1

[Event "TCh-RUS Rapid 2017"]
[Site "Sochi RUS"]
[Date "2017.10.04"]
[Round "8.6"]
[Board "3"]
[White "Demidov, Mikhail"]
[Black "Gubsky, Egor"]
[Result "1-0"]
[WhiteTitle "IM"]
[BlackTitle "FM"]
[WhiteElo "2523"]
[BlackElo "2303"]
[WhiteTeam "Locomotive (Moscow)"]
[BlackTeam "Novosibirsk State Technical University"]
[WhiteFideId "4197143"]
[BlackFideId "4194055"]
[EventDate "2017.10.03"]

1. Nf3 Nf6 2. g3 b6 3. Bg2 Bb7 4. O-O e6 5. d3 d5 6. c4 Be7 7. b3 O-O 8. Bb2 c5
9. cxd5 exd5 10. d4 Na6 11. dxc5 bxc5 12. Nbd2 Nc7 13. Rc1 Ne6 14. Qc2 a5 15.
Rfd1 Qb6 16. Ne5 Rfd8 17. e4 dxe4 18. Nxe4 Nd4 19. Bxd4 cxd4 20. Nc4 Qa6 21.
Nxf6+ Bxf6 22. Bxb7 Qxb7 23. Qf5 Rd5 24. Qf3 Ra7 25. Rd3 h6 26. Re1 Qb5 27. a4
Qc6 28. Nb6 Rd6 29. Qxc6 Rxc6 30. Re8+ Kh7 31. Nc4 Rc5 32. Kf1 Rd5 33. h4 Kg6
34. Kg2 Ra6 35. Rb8 Ra7 36. Re8 Ra6 37. Rc8 Be7 38. f4 f6 39. Kf3 Re6 40. g4 Kh7
41. f5 Re1 42. h5 Bb4 43. Kf2 Rd7 44. Nb6 Rde7 45. Nd5 R7e2+ 46. Kf3 Rd2 47.
Rxd2 Bxd2 48. Rc4 Rb1 49. Rxd4 Rxb3+ 50. Ke2 Bg5 51. Re4 Kg8 52. Re8+ Kf7 53.
Re7+ Kf8 54. Ra7 Rg3 55. Rxa5 Ke8 56. Ra7 Rxg4 57. a5 Rg2+ 58. Kd3 Rd2+ 59. Kc4
Rc2+ 60. Kb3 Rd2 61. Kc4 Rc2+ 62. Kb5 Bh4 63. Rxg7 Rf2 64. Nc7+ Kd8 65. Ne6+ Kc8
66. a6 Rb2+ 67. Kc6 Rc2+ 68. Nc5 Kb8 69. Kd5 Re2 70. Ne6 Rd2+ 71. Ke4 Re2+ 72.
Kd3 Ra2 73. Nc5 Bf2 74. Nd7+ Kc8 75. Nxf6 Rxa6 76. Ng4 Bh4 77. Rg6 Ra3+ 78. Kc4
Ra4+ 79. Kd5 Kd7 80. Rd6+ Ke8 81. Nxh6 Bg5 82. Rg6 Ra5+ 83. Ke4 Ra4+ 84. Kd3
Ra3+ 85. Kc4 Bxh6 86. Rxh6 Rf3 87. Kd5 Rxf5+ 88. Ke6 Rf1 89. Rh8+ Rf8 90. Rh7
Rf3 91. h6 Kf8 92. Rh8# 1-0

[Event "TCh-RUS Rapid 2017"]
[Site "Sochi RUS"]
[Date "2017.10.04"]
[Round "8.6"]
[Board "4"]
[White "Kamrukov, Alexey"]
[Black "Lugovskoy, Maxim"]
[Result "0-1"]
[WhiteTitle "FM"]
[BlackTitle "GM"]
[WhiteElo "2296"]
[BlackElo "2474"]
[WhiteTeam "Novosibirsk State Technical University"]
[BlackTeam "Locomotive (Moscow)"]
[WhiteFideId "4169018"]
[BlackFideId "24126454"]
[EventDate "2017.10.03"]

1. d4 d5 2. c4 e6 3. Nc3 a6 4. e3 Nf6 5. b3 Be7 6. Nf3 O-O 7. Bb2 b6 8. Bd3 Bb7
9. O-O Nbd7 10. Rc1 c5 11. cxd5 exd5 12. dxc5 bxc5 13. Na4 Bd6 14. Bf5 Qe7 15.
Qd3 g6 16. Bxd7 Nxd7 17. Qc3 f6 18. Rfd1 Rac8 19. Qd3 Rfd8 20. h4 Ne5 21. Nxe5
Bxe5 22. Ba3 f5 23. Bxc5 Qxh4 24. f4 Bb8 25. Bd4 Qg3 26. Nc5 Bc6 27. Nxa6 Bd6
28. Bb6 Bb7 29. Bxd8 Bxf4 30. exf4 Qxd3 31. Rxd3 Rxc1+ 32. Kf2 Rc2+ 33. Kg3 Bxa6
34. Rxd5 Bb7 35. Rd7 Rxg2+ 36. Kh3 Bc6 37. Rc7 Rc2 38. a4 h6 39. a5 g5 40. fxg5
hxg5 41. a6 Rc3+ 42. Kh2 g4 43. a7 g3+ 44. Kh3 g2+ 0-1

[Event "TCh-RUS Rapid 2017"]
[Site "Sochi RUS"]
[Date "2017.10.04"]
[Round "8.7"]
[Board "1"]
[White "Zakaryan, David"]
[Black "Moskalenko, Alexander"]
[Result "0-1"]
[WhiteTitle "FM"]
[BlackTitle "IM"]
[WhiteElo "2315"]
[BlackElo "2522"]
[WhiteTeam "USSR (Sverdlovsk region)"]
[BlackTeam "AQ (Krasnodar Territory)"]
[WhiteFideId "24101923"]
[BlackFideId "4155351"]
[EventDate "2017.10.03"]

1. e4 c5 2. Nf3 d6 3. d4 cxd4 4. Qxd4 Nc6 5. Bb5 Bd7 6. Bxc6 Bxc6 7. Nc3 Nf6 8.
Bg5 e6 9. O-O-O Be7 10. Rhe1 O-O 11. Kb1 Rc8 12. Qd2 b5 13. Nd4 b4 14. Nxc6 Rxc6
15. Nb5 Qa5 16. Nd4 Ra6 17. a3 Rb8 18. Nb3 Qa4 19. Bxf6 Bxf6 20. e5 bxa3 21.
exf6 axb2 22. Kxb2 Qa2+ 23. Kc3 Rc6+ 24. Kd4 Rxc2 25. Qa5 Qxb3 26. Rd3 Qb2+ 27.
Ke3 Qxf6 28. f4 e5 29. fxe5 Qf2+ 30. Ke4 Rc4+ 0-1

[Event "TCh-RUS Rapid 2017"]
[Site "Sochi RUS"]
[Date "2017.10.04"]
[Round "8.7"]
[Board "2"]
[White "Vastrukhin, Oleg"]
[Black "Chekletsov, Ilya"]
[Result "0-1"]
[BlackTitle "FM"]
[WhiteElo "2386"]
[BlackElo "2372"]
[WhiteTeam "AQ (Krasnodar Territory)"]
[BlackTeam "USSR (Sverdlovsk region)"]
[WhiteFideId "4192770"]
[BlackFideId "24177156"]
[EventDate "2017.10.03"]

1. Nf3 Nf6 2. g3 b6 3. Bg2 Bb7 4. O-O g6 5. d3 Bg7 6. e4 d6 7. a4 O-O 8. a5 b5
9. Re1 a6 10. e5 dxe5 11. Nxe5 Bxg2 12. Kxg2 e6 13. Qf3 Qd5 14. Nc3 Qxf3+ 15.
Kxf3 c5 16. Be3 Nfd7 17. Nxd7 Nxd7 18. Rad1 Rfd8 19. g4 h6 20. h4 Rac8 21. Kg3
Nf6 22. f3 Nd5 23. Nxd5 exd5 24. Bc1 Re8 25. h5 Be5+ 26. Kg2 g5 27. Re2 Bc7 28.
Rde1 Rxe2+ 29. Rxe2 Bxa5 30. f4 c4 31. dxc4 Rxc4 32. fxg5 hxg5 33. Kf3 f6 34.
Re6 Rxc2 35. Be3 Rxb2 36. Rxf6 Rb3 37. Ke2 Rb2+ 38. Kd1 d4 39. Bc1 Rg2 40. Rxa6
Bc3 41. Rd6 b4 42. Bxg5 Rxg4 43. Bf6 b3 44. Rd8+ Kf7 45. h6 Rg1+ 46. Ke2 b2 47.
h7 b1=Q 48. Rf8+ Ke6 49. Re8+ Kf5 50. Re5+ Kf4 51. Bg5+ Rxg5 52. Rxg5 Qxh7 0-1

[Event "TCh-RUS Rapid 2017"]
[Site "Sochi RUS"]
[Date "2017.10.04"]
[Round "8.7"]
[Board "3"]
[White "Babikov, Ivan"]
[Black "Oganian, Miran"]
[Result "0-1"]
[WhiteTitle "FM"]
[BlackTitle "IM"]
[WhiteElo "2266"]
[BlackElo "2454"]
[WhiteTeam "USSR (Sverdlovsk region)"]
[BlackTeam "AQ (Krasnodar Territory)"]
[WhiteFideId "4161106"]
[BlackFideId "4122488"]
[EventDate "2017.10.03"]

1. e4 c5 2. Nf3 d6 3. d4 cxd4 4. Nxd4 Nf6 5. Nc3 a6 6. Bg5 Nbd7 7. f4 Qc7 8. Qf3
h6 9. Bxf6 Nxf6 10. O-O-O Bg4 11. Nd5 Nxd5 12. Qxg4 Ne3 13. Qh3 Nxd1 14. Kxd1 g6
15. Qb3 Bg7 16. Qa4+ Kf8 17. Bd3 Qb6 18. Nb3 Bxb2 19. Rf1 Kg7 20. e5 dxe5 21. f5
g5 22. Nd2 e4 23. f6+ Bxf6 24. Nxe4 Rhd8 25. Ng3 Kf8 26. Qe4 Rxd3+ 27. cxd3 Qb1+
28. Ke2 Qxa2+ 29. Kf3 Rd8 30. Qxb7 Rxd3+ 31. Kg4 Rd4+ 32. Kf3 g4+ 0-1